Isolation, identification and characterization of allelochemicals/natural products (Record no. 11658)
[ view plain ]
| 000 -LEADER | |
|---|---|
| fixed length control field | 01492cam a2200349Ia 4500 |
| 001 - CONTROL NUMBER | |
| control field | SCP00NE0100PDF |
| 003 - CONTROL NUMBER IDENTIFIER | |
| control field | BD-DhSAU |
| 005 - DATE AND TIME OF LATEST TRANSACTION | |
| control field | 20151012144304.0 |
| 006 - FIXED-LENGTH DATA ELEMENTS--ADDITIONAL MATERIAL CHARACTERISTICS | |
| fixed length control field | m|||||o||d|||||||| |
| 007 - PHYSICAL DESCRIPTION FIXED FIELD--GENERAL INFORMATION | |
| fixed length control field | cr|||| |
| 008 - FIXED-LENGTH DATA ELEMENTS--GENERAL INFORMATION | |
| fixed length control field | 110413s2009 nhuacd sb 001 0 eng d |
| 020 ## - INTERNATIONAL STANDARD BOOK NUMBER | |
| International Standard Book Number | 9781439843543 (ebook : PDF) |
| 040 ## - CATALOGING SOURCE | |
| Original cataloging agency | BD-DhSAU |
| Transcribing agency | BD-DhSAU |
| 090 ## - LOCALLY ASSIGNED LC-TYPE CALL NUMBER (OCLC); LOCAL CALL NUMBER (OCLC) | |
| Classification number (OCLC) (R) ; Classification number, CALL (RLIN) (NR) | QK898.A43 |
| Local cutter number (OCLC) ; Book number/undivided call number, CALL (RLIN) | I86 2009 |
| 092 ## - LOCALLY ASSIGNED DEWEY CALL NUMBER (OCLC) | |
| Classification number | 571.92 |
| Item number | I851 |
| 245 00 - TITLE STATEMENT | |
| Title | Isolation, identification and characterization of allelochemicals/natural products |
| Medium | [electronic resource] / |
| Statement of responsibility, etc. | editors, Diego A. Sampietro, Cesar A.N. Catalan, Marta A. Vattuone. |
| 260 ## - PUBLICATION, DISTRIBUTION, ETC. (IMPRINT) | |
| Place of publication, distribution, etc. | Enfield, N.H. : |
| Name of publisher, distributor, etc. | Science Publishers, |
| Date of publication, distribution, etc. | c2009. |
| 300 ## - PHYSICAL DESCRIPTION | |
| Extent | viii, 547 p. : |
| Other physical details | ill., ports. |
| 504 ## - BIBLIOGRAPHY, ETC. NOTE | |
| Bibliography, etc | Includes bibliographical references and index. |
| 505 0# - FORMATTED CONTENTS NOTE | |
| Formatted contents note | section 1. Sample collection, handling and storage -- section 2. Isolation, identification and structural elucidation -- section 3. Biological activity of natural products -- section 4. Appendices. |
| 530 ## - ADDITIONAL PHYSICAL FORM AVAILABLE NOTE | |
| Additional physical form available note | Also available in print edition. |
| 538 ## - SYSTEM DETAILS NOTE | |
| System details note | Mode of access: World Wide Web. |
| 650 #0 - SUBJECT ADDED ENTRY--TOPICAL TERM | |
| Topical term or geographic name as entry element | Allelochemicals. |
| 650 #0 - SUBJECT ADDED ENTRY--TOPICAL TERM | |
| Topical term or geographic name as entry element | Natural products. |
| 655 #7 - INDEX TERM--GENRE/FORM | |
| Genre/form data or focus term | Electronic books. |
| Source of term | lcsh |
| 700 1# - ADDED ENTRY--PERSONAL NAME | |
| Personal name | Sampietro, Diego A. |
| 700 1# - ADDED ENTRY--PERSONAL NAME | |
| Personal name | Catalan, Cesar A. N. |
| 700 1# - ADDED ENTRY--PERSONAL NAME | |
| Personal name | Vattuone, Marta A. |
| 776 1# - ADDITIONAL PHYSICAL FORM ENTRY | |
| International Standard Book Number | 9781578085774 |
| 776 1# - ADDITIONAL PHYSICAL FORM ENTRY | |
| International Standard Book Number | 1578085772 |
| 856 40 - ELECTRONIC LOCATION AND ACCESS | |
| Uniform Resource Identifier | <a href="http://marc.crcnetbase.com/isbn/9781439843543">http://marc.crcnetbase.com/isbn/9781439843543</a> |
| Electronic format type | application/PDF |
No items available.
